000 00791cab a22001935a 4500
001 L158810
008 150728e20150718xxk 000 0 eng d
035 _a(Sirsi) u158810
041 0 _aeng
100 1 _aStevens, David
245 0 4 _aThe Gap is Widening
260 _c2015
490 _aEstates Gazette
_v(1528) 18 July 2015, 70-72(3)
520 _aArgues why landlords, tenants, buyers and sellers should mind the registration gap which is the period of time between completion of a property disposition and the subsequent registration of the transaction at the Land Registry. Gives information about the legal position, break notices, forfeiture proceedings and Statutory notices.
590 _aKA
651 4 _aUnited Kingdom
690 _aProperty management
_96262
942 _n0
999 _c84708
_d84708